[Event "Sterlitamak Rochinskiy op"]
[Site "Sterlitamak"]
[Date "2012.06.30"]
[Round "9"]
[White "Abelguzin, Dinar"]
[Black "Osipov, Alexander"]
[Result "1-0"]
[WhiteElo "1921"]
[BlackElo "2199"]
[PlyCount "97"]
[EventDate "2012.06.22"]
[EventType "swiss"]
[EventRounds "9"]
[EventCountry "RUS"]
[SourceTitle "EXT 2013"]
[Source "ChessBase"]
[SourceDate "2012.11.22"]
[SourceVersion "1"]
[SourceVersionDate "2012.11.22"]
[SourceQuality "1"]

1. e4 e6 2. d3 d5 3. Nd2 Nc6 4. Ngf3 e5 5. Be2 Nf6 6. 0-0 Be7 7. c3 0-0 8. Qc2 Bg4 9. Rd1 Re8 10. Nf1 d4 11. h3 Bxf3 12. Bxf3 Nd7 13. Ng3 Bg5 14. Ne2 Qf6 15. Bg4 Rad8 16. cxd4 Bxc1 17. Bxd7 Rxd7 18. dxe5 Qxe5 19. Raxc1 Nd4 20. Nxd4 Qxd4 21. Qc3 Qb6 22. a3 c6 23. b4 Red8 24. Rd2 Rd4 25. Re1 Qb5 26. Re3 g6 27. e5 Qd5 28. Rd1 b6 29. Qe1 c5 30. bxc5 Qxc5 31. e6 fxe6 32. Rxe6 Qxa3 33. Re7 Qd6 34. Rxa7 b5 35. Qe2 Rd7 36. Qe8+ Kg7 37. Rxd7+ Qxd7 38. Qe5+ Kh6 39. Qe3+ Kg7 40. Ra1 b4 41. Qe5+ Kh6 42. Rc1 Qd6 43. Qe3+ Kg7 44. Rc7+ Kf6 45. Rc6 Qxc6 46. Qxd4+ Kf7 47. Qxb4 Qc1+ 48. Kh2 Qc2 49. Qc4+ 1-0

[Event "Sterlitamak op"]
[Site "Sterlitamak"]
[Date "2011.07.05"]
[Round "9"]
[White "Osipov, Alexander"]
[Black "Fakhrutdinov, Timur"]
[Result "1-0"]
[WhiteElo "2196"]
[BlackElo "2012"]
[PlyCount "57"]
[EventDate "2011.06.27"]
[EventType "swiss"]
[EventRounds "9"]
[EventCountry "RUS"]
[SourceTitle "EXT 2012"]
[Source "ChessBase"]
[SourceDate "2011.11.24"]
[SourceVersion "1"]
[SourceVersionDate "2011.11.24"]
[SourceQuality "1"]

1. d4 d5 2. c4 e6 3. Nc3 c5 4. e3 Nf6 5. Nf3 a6 6. a4 Nc6 7. Bd3 Bd6 8. 0-0 0-0 9. b3 b6 10. Bb2 Bb7 11. Rc1 Rc8 12. Qe2 Nb4 13. dxc5 Nxd3 14. Qxd3 bxc5 15. Rfd1 Qe7 16. cxd5 exd5 17. Rc2 Rfd8 18. Kf1 d4 19. exd4 cxd4 20. Nxd4 Bb8 21. h3 Qe5 22. Nce2 Qh2 23. f3 Rxc2 24. Qxc2 Nd5 25. Nf5 Ba7 26. Bd4 Bxd4 27. Rxd4 Qe5 28. Kf2 Bc8 29. Rxd5 1-0

[Event "Sterlitamak op"]
[Site "Sterlitamak"]
[Date "2011.06.29"]
[Round "3"]
[White "Serkov, Nikolay"]
[Black "Osipov, Alexander"]
[Result "1/2-1/2"]
[WhiteElo "1968"]
[BlackElo "2196"]
[PlyCount "101"]
[EventDate "2011.06.27"]
[EventType "swiss"]
[EventRounds "9"]
[EventCountry "RUS"]
[SourceTitle "EXT 2012"]
[Source "ChessBase"]
[SourceDate "2011.11.24"]
[SourceVersion "1"]
[SourceVersionDate "2011.11.24"]
[SourceQuality "1"]

1. e4 e6 2. d4 d5 3. e5 c5 4. c3 Nc6 5. Nf3 Qb6 6. a3 cxd4 7. cxd4 Bd7 8. b4 Rc8 9. Bb2 f6 10. Nc3 a5 11. b5 Nd8 12. Bd3 Nf7 13. 0-0 Qc7 14. Rc1 Qb8 15. Qe2 b6 16. Nxd5 Rxc1 17. Rxc1 exd5 18. e6 Bc8 19. exf7+ Kxf7 20. Qc2 Ne7 21. Qc7 Qxc7 22. Rxc7 Ke8 23. a4 Kd8 24. Rc2 Bb7 25. h4 g6 26. Bc1 Nc8 27. Bf4 Nd6 28. Nd2 Kd7 29. Nb3 Be7 30. Nc5+ bxc5 31. dxc5 Rc8 32. cxd6 Rxc2 33. Bxc2 Bxd6 34. Be3 Bb4 35. h5 f5 36. g4 fxg4 37. hxg6 hxg6 38. Bxg6 Ke6 39. Bd4 Bd6 40. Kg2 Bf4 41. Bb6 d4+ 42. Kf1 Kd5 43. Bf7+ Ke4 44. Be8 Kd5 45. Bxa5 g3 46. fxg3 Bxg3 47. Ke2 Kc5 48. Bd2 Bd5 49. Bg6 Bb3 50. Kf3 Bc7 51. a5 1/2-1/2

[Event "Sterlitamak op"]
[Site "Sterlitamak"]
[Date "2011.06.28"]
[Round "2"]
[White "Osipov, Alexander"]
[Black "Garifullin, Ildar"]
[Result "1-0"]
[WhiteElo "2196"]
[BlackElo "1925"]
[PlyCount "71"]
[EventDate "2011.06.27"]
[EventType "swiss"]
[EventRounds "9"]
[EventCountry "RUS"]
[SourceTitle "EXT 2012"]
[Source "ChessBase"]
[SourceDate "2011.11.24"]
[SourceVersion "1"]
[SourceVersionDate "2011.11.24"]
[SourceQuality "1"]

1. c4 e6 2. Nc3 Nf6 3. Nf3 d5 4. d4 c6 5. e3 Nbd7 6. Qc2 Bd6 7. Bd3 0-0 8. 0-0 a6 9. e4 dxe4 10. Nxe4 Nxe4 11. Bxe4 Nf6 12. Bg5 h6 13. Bh4 Be7 14. Bd3 c5 15. dxc5 Qa5 16. a3 Qxc5 17. b4 Qc7 18. Rfd1 Nh5 19. Bxe7 Qxe7 20. c5 Nf4 21. Bc4 Qf6 22. Qe4 Rb8 23. Rd4 Ng6 24. Rad1 Re8 25. Rd6 Qb2 26. h4 a5 27. Bb5 Rf8 28. h5 f5 29. Qc4 Ne5 30. Nxe5 Qxe5 31. bxa5 f4 32. Rd8 Qf6 33. Rxf8+ Qxf8 34. Rd4 Qf7 35. Rd8+ Kh7 36. Qc2+ 1-0

[Event "Sterlitamak op"]
[Site "Sterlitamak"]
[Date "2011.06.27"]
[Round "1"]
[White "Fedotova, Ekaterina"]
[Black "Osipov, Alexander"]
[Result "0-1"]
[WhiteElo "1641"]
[BlackElo "2196"]
[PlyCount "86"]
[EventDate "2011.06.27"]
[EventType "swiss"]
[EventRounds "9"]
[EventCountry "RUS"]
[SourceTitle "EXT 2012"]
[Source "ChessBase"]
[SourceDate "2011.11.24"]
[SourceVersion "1"]
[SourceVersionDate "2011.11.24"]
[SourceQuality "1"]

1. d4 d5 2. c4 e6 3. Nc3 Nf6 4. Bg5 Be7 5. Nf3 0-0 6. e3 b6 7. cxd5 Nxd5 8. Bxe7 Qxe7 9. Nxd5 exd5 10. Be2 Qb4+ 11. Qd2 Qxd2+ 12. Nxd2 Ba6 13. Bxa6 Nxa6 14. a3 c5 15. 0-0 cxd4 16. exd4 Nc7 17. Rac1 Ne6 18. Nf3 Rfc8 19. b3 f6 20. h3 Kf7 21. Rfe1 Nf4 22. Rxc8 Rxc8 23. Re3 Rc1+ 24. Kh2 g5 25. g3 Ne6 26. Rd3 a5 27. Kg2 b5 28. Ng1 Ra1 29. b4 axb4 30. axb4 Rb1 31. Ne2 Rxb4 32. Nc3 Rxd4 33. Rxd4 Nxd4 34. Nxd5 Ke6 35. Nb4 h5 36. f3 Nf5 37. Kf2 h4 38. g4 Ne7 39. Nc2 Ke5 40. Nb4 Kd4 41. Ke2 Kc3 42. Na2+ Kb3 43. Nc1+ Kc2 0-1

[Event "Lipetsk Summer op"]
[Site "Lipetsk"]
[Date "2010.07.14"]
[Round "5"]
[White "Ekimov, Alexey"]
[Black "Osipov, Alexander"]
[Result "1-0"]
[WhiteElo "1711"]
[BlackElo "1947"]
[PlyCount "85"]
[EventDate "2010.07.10"]
[EventType "swiss"]
[EventRounds "9"]
[EventCountry "RUS"]
[SourceTitle "EXT 2022"]
[Source "ChessBase"]
[SourceDate "2021.10.06"]
[SourceVersion "1"]
[SourceVersionDate "2021.10.06"]
[SourceQuality "1"]

1. e4 c5 2. Nf3 d6 3. d4 cxd4 4. Nxd4 Nf6 5. Nc3 a6 6. Be3 e5 7. Nb3 Be6 8. f3 Nbd7 9. Qd2 b5 10. 0-0-0 Nb6 11. Bxb6 Qxb6 12. g4 Rc8 13. g5 Nd7 14. Kb1 Qc7 15. a3 Be7 16. h4 Nb6 17. Qf2 Nc4 18. Nd5 Bxd5 19. Rxd5 h6 20. gxh6 Rxh6 21. Bd3 Nb6 22. Bxb5+ axb5 23. Rxb5 Nc4 24. Rh2 Qc6 25. Rd5 Nb6 26. Na5 Qc7 27. Rb5 Nd7 28. Nb3 Nf8 29. a4 Ng6 30. a5 Ra8 31. Rb6 Bd8 32. Qd2 Nf4 33. Qb4 Rxa5 34. Rb7 Qc6 35. Nxa5 Bxa5 36. Rb8+ Bd8 37. Rd2 Qa6 38. c4 Rg6 39. Qb5+ Qxb5 40. cxb5 Kd7 41. b6 d5 42. b7 d4 43. Rxd8+ 1-0

[Event "Lipetsk-ch"]
[Site "Lipetsk"]
[Date "2009.06.05"]
[Round "7"]
[White "Osipov, Alexander"]
[Black "Filin, Alexander"]
[Result "0-1"]
[WhiteElo "1971"]
[BlackElo "2162"]
[PlyCount "100"]
[EventDate "2009.05.22"]
[EventType "swiss"]
[EventRounds "9"]
[EventCountry "RUS"]
[SourceTitle "EXT 2022"]
[Source "ChessBase"]
[SourceDate "2021.10.06"]
[SourceVersion "1"]
[SourceVersionDate "2021.10.06"]
[SourceQuality "1"]

1. e4 c5 2. Nf3 d6 3. c4 Nc6 4. d4 cxd4 5. Nxd4 g6 6. Nc2 Bg7 7. Be2 Be6 8. 0-0 Rc8 9. Nba3 Nf6 10. f3 0-0 11. Rb1 a6 12. Be3 Qc7 13. b3 Nd7 14. Nd4 Nxd4 15. Bxd4 Ne5 16. f4 Nc6 17. Bxg7 Kxg7 18. Nc2 b5 19. cxb5 axb5 20. Kh1 b4 21. Nd4 Qa5 22. Nxe6+ fxe6 23. Qd2 e5 24. f5 Nd4 25. Bc4 gxf5 26. Qg5+ Kh8 27. Qxe7 Qc7 28. Qh4 Qb7 29. Qh6 Qe7 30. exf5 Rxf5 31. Rxf5 Nxf5 32. Qd2 Rf8 33. Qxb4 d5 34. Qxe7 Nxe7 35. Bb5 Rf2 36. a4 Ra2 37. Kg1 Kg7 38. b4 Kf6 39. a5 Ke6 40. g3 e4 41. a6 Ng6 42. Kf1 Ne5 43. Be2 d4 44. b5 d3 45. Bd1 Kd6 46. Bb3 Ra5 47. Bd1 Nd7 48. Kf2 Nb6 49. Ke3 Ke5 50. Bh5 Ra2 0-1

[Event "Voronezh op-B 11th"]
[Site "Voronezh"]
[Date "2007.06.15"]
[Round "4"]
[White "Osipov, Alexander"]
[Black "Shefer, Alexander"]
[Result "1-0"]
[WhiteElo "2026"]
[BlackElo "2149"]
[PlyCount "117"]
[EventDate "2007.06.12"]
[EventType "swiss"]
[EventRounds "9"]
[EventCountry "RUS"]
[SourceTitle "EXT 2010"]
[Source "ChessBase"]
[SourceDate "2010.11.25"]
[SourceVersion "1"]
[SourceVersionDate "2010.11.25"]
[SourceQuality "1"]

1. c4 c6 2. Nc3 d5 3. cxd5 cxd5 4. d4 Nf6 5. Nf3 Nc6 6. Bf4 Bf5 7. e3 a6 8. Rc1 Rc8 9. Bd3 Bxd3 10. Qxd3 e6 11. 0-0 Be7 12. Nd2 0-0 13. f3 b5 14. Nb3 Qb6 15. Bg3 Rfd8 16. a4 b4 17. Ne2 Na7 18. Rxc8 Rxc8 19. Rc1 Rxc1+ 20. Nbxc1 Qc6 21. Qd1 Bd6 22. Bxd6 Qxd6 23. Nd3 a5 24. Qc2 Nd7 25. Kf2 Qc6 26. Qxc6 Nxc6 27. e4 dxe4 28. fxe4 Kf8 29. b3 Ke7 30. Ke3 f6 31. Nb2 Kd6 32. Nc4+ Kc7 33. Nf4 Nxd4 34. Kxd4 e5+ 35. Ke3 exf4+ 36. Kxf4 Kc6 37. Nxa5+ Kc5 38. Ke3 Ne5 39. h3 g5 40. g3 h5 41. Nb7+ Kc6 42. Nd8+ Kd7 43. Nb7 Kc6 44. Na5+ Kc5 45. h4 g4 46. Kf4 Kd4 47. Nb7 Nc6 48. a5 Kc3 49. a6 Na7 50. Na5 Kd3 51. Kf5 Ke3 52. Nc4+ Kf3 53. Kxf6 Kxe4 54. Kg5 Kf3 55. Kxh5 Kxg3 56. Ne5 Kf4 57. Nxg4 Kf5 58. Ne3+ Ke5 59. Nc2 1-0

[Event "Meleuz op"]
[Site "Meleuz"]
[Date "2006.12.17"]
[Round "3"]
[White "Osipov, Alexander"]
[Black "Tukhvatullin, Vladislav"]
[Result "0-1"]
[WhiteElo "2011"]
[BlackElo "2186"]
[PlyCount "78"]
[EventDate "2006.12.16"]
[EventType "swiss"]
[EventRounds "9"]
[EventCountry "RUS"]
[SourceTitle "EXT 2008"]
[Source "ChessBase"]
[SourceDate "2007.11.25"]
[SourceVersion "1"]
[SourceVersionDate "2007.11.25"]
[SourceQuality "1"]

1. c4 e5 2. Nc3 d6 3. d3 f5 4. e4 f4 5. g3 fxg3 6. hxg3 Nf6 7. Bg5 Be7 8. Bxf6 Bxf6 9. Bh3 Bxh3 10. Qh5+ g6 11. Qxh3 Qd7 12. Nd5 Bg7 13. Nf3 c6 14. Ne3 Na6 15. Ng5 h6 16. Nf3 Qf7 17. Nh4 Nc5 18. 0-0 Ne6 19. Qg4 Rg8 20. b4 Bf6 21. Nhg2 h5 22. Qd1 Rf8 23. Rc1 Bg5 24. c5 dxc5 25. bxc5 Qe7 26. Rc4 Rd8 27. Qa4 Nxc5 28. Qc2 Nxd3 29. Nd5 cxd5 30. exd5 Rxd5 31. Rc8+ Kf7 32. Qc4 Qe6 33. Rxf8+ Kxf8 34. f4 exf4 35. Nxf4 Nxf4 36. gxf4 Be7 37. f5 gxf5 38. Qf4 Qg6+ 39. Kh1 Bd6 0-1

[Event "Meleuz op"]
[Site "Meleuz"]
[Date "2006.12.16"]
[Round "1"]
[White "Vlasov, Andrey"]
[Black "Osipov, Alexander"]
[Result "1-0"]
[WhiteElo "2293"]
[BlackElo "2011"]
[PlyCount "65"]
[EventDate "2006.12.16"]
[EventType "swiss"]
[EventRounds "9"]
[EventCountry "RUS"]
[SourceTitle "EXT 2008"]
[Source "ChessBase"]
[SourceDate "2007.11.25"]
[SourceVersion "1"]
[SourceVersionDate "2007.11.25"]
[SourceQuality "1"]

1. e4 e6 2. d4 d5 3. Nd2 c5 4. exd5 exd5 5. Ngf3 Nc6 6. dxc5 Bxc5 7. Nb3 Bb6 8. Bd3 Nf6 9. Qe2+ Qe7 10. Qxe7+ Nxe7 11. 0-0 Ne4 12. a4 a5 13. Bb5+ Bd7 14. Bxd7+ Kxd7 15. Nfd4 f5 16. Be3 Ba7 17. Rfe1 Rhf8 18. f3 Nd6 19. Ne6 Rfc8 20. Bxa7 Rxa7 21. Nbd4 g6 22. Rad1 Ra6 23. b3 Ke8 24. Re2 h6 25. Rde1 Kf7 26. Nc5 Rxc5 27. Rxe7+ Kg8 28. Rd7 Rc8 29. Ree7 Ne8 30. Rxb7 h5 31. h4 f4 32. Ne6 Nd6 33. Rg7+ 1-0